|
|
|
|
| LEADER |
01703cam a2200433 a 4500 |
| 001 |
27753 |
| 003 |
BD-DhAAL |
| 005 |
20150208122232.0 |
| 008 |
131124s2006 nyua b 000 0 eng |
| 010 |
|
|
|a 2005028145
|
| 020 |
|
|
|a 9780415360845 (pbk.)
|
| 020 |
|
|
|a 0415360838 (hbk.)
|
| 020 |
|
|
|a 9780415360838 (hbk.)
|
| 020 |
|
|
|a 0415360846 (pbk.)
|
| 020 |
|
|
|a 9780203799420 (ebk.)
|
| 020 |
|
|
|a 0203799429 (ebk.)
|
| 040 |
|
|
|a DLC
|c DLC
|d DLC
|d BD-DhAAL
|
| 050 |
0 |
0 |
|a NA2750
|b .Z66 2006
|
| 082 |
0 |
0 |
|a 720.68/4
|2 22
|
| 999 |
|
|
|c 14104
|d 14104
|
| 999 |
|
|
|c 14104
|
| 999 |
|
|
|c 14104
|
| 100 |
1 |
|
|a Zunde, J. M.
|q (Joan M.),
|d 1928-
|9 3571
|
| 245 |
1 |
0 |
|a Integrated strategies in architecture /
|c Joan Zunde and Hocine Bougdah ; illustrations by Hocine Bougdah, Anya Sutton, Joan Zunde and Peter Zunde.
|
| 250 |
|
|
|a 1st ed.
|
| 260 |
|
|
|a New York :
|b Taylor & Francis,
|c 2006.
|
| 300 |
|
|
|a viii, 301 p. :
|b ill. ;
|c 26 cm.
|
| 490 |
|
|
|a Technologies of architecture ;
|v v. 1
|
| 504 |
|
|
|a Includes bibliographical references (p. [289]) and index.
|
| 541 |
|
|
|e 27753, 27754
|
| 650 |
|
0 |
|a Architectural design.
|9 3572
|
| 650 |
|
0 |
|a Architectural practice.
|9 3573
|
| 700 |
1 |
|
|a Bougdah, Hocine,
|e ill.
|9 3574
|
| 700 |
1 |
|
|a Sutton, Anya,
|e ill.
|9 3575
|
| 700 |
1 |
|
|a Zunde, J. M.
|q (Joan M.),
|d 1928-
|9 3576
|
| 700 |
1 |
|
|a Zunde, Peter,
|e ill.
|9 3577
|
| 942 |
|
|
|2 ddc
|c BK
|
| 952 |
|
|
|0 0
|1 0
|2 ddc
|4 0
|6 720_684000000000000_ZUN
|7 0
|9 23730
|a BRACUL
|b BRACUL
|c GEN
|d 2013-11-24
|l 3
|m 27
|o 720.684 ZUN
|p 3010027753
|r 2021-12-23
|s 2021-12-15
|t 1
|w 2013-11-24
|y BK
|
| 952 |
|
|
|0 0
|1 0
|2 ddc
|4 0
|6 720_684000000000000_ZUN
|7 0
|9 23731
|a BRACUL
|b BRACUL
|c GEN
|d 2013-11-24
|l 2
|m 11
|o 720.684 ZUN
|p 3010027754
|r 2021-12-23
|s 2021-12-15
|t 2
|w 2013-11-24
|y BK
|